NFL Top 20 Active Passing Yard Leaders - Statistics

General Stats
  • This quiz has been taken 100 times
  • The average score is 19 of 20
Answer Stats
Yards Teams Player % Correct
63,399 GBP Aaron Rodgers
100%
60,352 DET Matthew Stafford
99%
32,797 KAN Patrick Mahomes
99%
46,753 SEA Russell Wilson
99%
31,986 DAL Dak Prescott
98%
46,186 BAL Joe Flacco
98%
26,976 BUF Josh Allen
98%
42,979 MIN Kirk Cousins
98%
35,617 LAR Jared Goff
97%
19,881 ARI Kyler Murray
97%
20,493 BAL Lamar Jackson
97%
19,190 CIN Joe Burrow
95%
21,411 LAC Justin Herbert
95%
19,505 SEA Geno Smith
93%
39,500 CIN Andy Dalton
92%
24,999 CLE Baker Mayfield
92%
22,410 PHI Carson Wentz
92%
24,225 TBB Jameis Winston
92%
17,904 HOU Deshaun Watson
91%
16,828 NYJ Sam Darnold
83%
No matching quizzes found
Score Distribution
Percent of People with Each Score
Percentile by Number Answered
Your Score History
You have not taken this quiz